Sledovanie vplyvu UV ožiarenia na bunkové procesy leukemickej línie L1210

Saved in:
Bibliographic Details
Main Author: Koniarová, Ivana (Author)
Other Authors: Šereš, Mário (Thesis advisor)
Format: Manuscript Book
Language:Slovak
Published: 2018
Subjects:
Online Access:http://is.stuba.sk/zp/portal_zp.pl?podrobnosti=136302
Tags: Add Tag
No Tags, Be the first to tag this record!

MARC

LEADER 00000ntm a22000003a 4500
001 stuzp69851
003 SK-STU
005 20180602211358.1
007 ta
008 150427s2015----xo-----f-mn---000-0-slo-d
040 |a STU  |b slo 
041 0 |a slo 
100 1 |a Koniarová, Ivana  |u 043000  |4 aut  |U FCHPT Fakulta chemickej a potravinárskej technológie  |T FCHPT Ústav biochémie a mikrobiológie  |X 63721  |U C3000  |Y 101  |7 63721 
242 0 1 |a The Study of the UV Irradiation Effect on Cellular Processes of the Leukemic Cell Line L1210  |y eng 
245 1 0 |a Sledovanie vplyvu UV ožiarenia na bunkové procesy leukemickej línie L1210 
260 |c 2018 
650 4 |a bunkový cyklus  |2 slo 
650 4 |a smrť buniek  |2 slo 
650 4 |a viaclieková rezistencia  |2 slo 
650 4 |a P-glykoproteín  |2 slo 
650 4 |a UV ožiarenie  |2 slo 
650 4 |a aktivačné dráhy  |2 slo 
650 4 |a multidrug resistance  |2 eng 
650 4 |a P-glycoprotein  |2 eng 
650 4 |a UV radiation  |2 eng 
650 4 |a activated pathways  |2 eng 
650 4 |a cell cycle  |2 eng 
650 4 |a cell death  |2 eng 
700 1 |a Šereš, Mário  |4 ths  |X 60528  |7 60528 
856 4 |u http://is.stuba.sk/zp/portal_zp.pl?podrobnosti=136302